Human Rights Situation in Bangladesh : (Record no. 82295)
[ view plain ]
| 000 -LEADER | |
|---|---|
| fixed length control field | 01031nam a2200253 a 4500 |
| 001 - CONTROL NUMBER | |
| RUCL Control Number | 82295 |
| 003 - CONTROL NUMBER IDENTIFIER | |
| rucl marc code | BD-RjUL |
| 005 - DATE AND TIME OF LATEST TRANSACTION | |
| control field | 20231207105308.0 |
| 008 - FIXED-LENGTH DATA ELEMENTS--GENERAL INFORMATION | |
| fixed length control field | 231115s2014 bg a|||| m||| 00| 0 eng d |
| 035 ## - SYSTEM CONTROL NUMBER | |
| system control number | (BD-RjUL)82295 |
| 040 ## - CATALOGING SOURCE | |
| Original cataloging agency | BD-RjUL |
| Language of cataloging | eng |
| Transcribing agency | BD-RjUL |
| Modifying agency | BD-RjUL |
| 041 ## - LANGUAGE CODE | |
| Language code of Book | eng |
| 082 ## - DEWEY DECIMAL CLASSIFICATION NUMBER | |
| DDC Edition number | 23 |
| Classification number | 341.48095492 |
| Author mark and Year | ISH 2014 |
| 100 ## - MAIN ENTRY--PERSONAL NAME | |
| Personal name | Islam, Md. Nahidul |
| 9 (RLIN) | 10058 |
| 245 10 - TITLE STATEMENT | |
| Title | Human Rights Situation in Bangladesh : |
| Remainder of title | A Study with Special Refernce to the Role of Police / |
| Statement of responsibility, etc | By Md. Nahidul Islam ; |
| Name of Supervisor/Co-Supervisor | Principal Supervisor : M. Anisur Rahman, Co-Supervisor : M. Ahsan Kabir |
| 260 ## - PUBLICATION, DISTRIBUTION, ETC. (IMPRINT) | |
| Place of publication, distribution, etc | Rajshahi : |
| Name of publisher, distributor, etc | Department of Law, University of Rajshahi, |
| Date of publication, distribution, etc | 2014 |
| 300 ## - PHYSICAL DESCRIPTION | |
| Pagination | xviii, 433 Leaves : |
| Other physical details | ill, ; |
| Dimensions | 29 cm. |
| 502 ## - DISSERTATION NOTE | |
| Dissertation note | Thesis (Ph. D.) -- Department of Law, University of Rajshahi, 2014 |
| 504 ## - BIBLIOGRAPHY, ETC. NOTE | |
| Bibliography, etc | Bibliography : Leaves [367]-384 |
| 650 ## - SUBJECT ADDED ENTRY--TOPICAL TERM | |
| Topical term or geographic name as entry element | Human Rights |
| Form subdivision | Law of Nations |
| Geographic subdivision | Bangladesh |
| 9 (RLIN) | 10059 |
| 700 ## - ADDED ENTRY--SUPERVISOR/CO-SUPERVISOR NAME | |
| Personal name | RahmanM. Anisur, Principal Supervisor |
| 9 (RLIN) | 10060 |
| Personal name | Kabir, M. Ahsan, Co-Supervisor |
| 9 (RLIN) | 10061 |
| 942 ## - ADDED ENTRY ELEMENTS (KOHA) | |
| Source of classification or shelving scheme | Dewey Decimal Classification |
| Koha item type | Theses |
| Source of classification or shelving scheme | Damaged status | Not for loan | Collection code | Permanent Location | Current Location | Shelving location | Date of accession | Source of acquisition | Full call number | Barcode | Date last seen | Copy number | Thesis |
|---|---|---|---|---|---|---|---|---|---|---|---|---|---|
| Dewey Decimal Classification | Not For Loan | Theses | Central Library, University of Rajshahi | Central Library, University of Rajshahi | Documentation Section | 17/12/2020 | Controller of Exam. R. U. | THE 341.48095492 ISH 2014 | D4382 | 15/11/2023 | C-1 | Theses |